| 000 -CABECERA |
| Longitud fija campo de control |
00690nam a22001697a 4500 |
| 003 - IDENTIFICADOR DEL NÚMERO DE CONTROL |
| Identificador del número de control |
OSt |
| 005 - FECHA Y HORA DE LA ÚLTIMA TRANSACCIÓN |
| Fecha y hora de la última transacción |
20231221180721.0 |
| 008 - CÓDIGOS DE INFORMACIÓN DE LONGITUD FIJA |
| Códigos de información de longitud fija |
231221b ||||| |||| 00| 0 eng d |
| 040 ## - FUENTE DE LA CATALOGACIÓN |
| Centro catalogador de origen |
CDMR |
| Lengua de catalogación |
cat |
| Centro transcriptor |
CDMR |
| 111 ## - PUNTO DE ACCESO PRINCIPAL-NOMBRE DE CONGRESO |
| 9 (RLIN) |
4919 |
| Nombre de congreso o jurisdicción como elemento de entrada |
Jornada d'ètica periodística |
| Número del congreso o número de parte o sección de la obra |
(3a : |
| Sede del congreso |
Barcelona : |
| Fecha del congreso |
1 desembre 2023) |
| 245 ## - MENCIÓN DE TÍTULO |
| Título |
III Jornada d'ètica periodística [programa] |
| Resto del título |
: 1 de desembre 2023 |
| Mención de responsabilidad, etc. |
/ Col·legi de Periodistes de Catalunya, Consell de la Informació de Catalunya [i 11 universitats catalanes] |
| 260 ## - PUBLICACIÓN, DISTRIBUCIÓN, ETC. (PIE DE IMPRENTA) |
| Lugar de publicación, distribución, etc. |
Barcelona |
| Nombre del editor, distribuidor, etc. |
: [s.n., |
| Fecha de publicación, distribución, etc. |
2023] |
| 300 ## - DESCRIPCIÓN FÍSICA |
| Extensión |
44 p. |
| 650 #0 - PUNTO DE ACCESO ADICIONAL DE MATERIA - TÉRMINO DE MATERIA |
| 9 (RLIN) |
983 |
| Término de materia o nombre geográfico como elemento inicial |
Ètica periodística |
| Subdivisión de forma |
Congressos |
| 856 ## - LOCALIZACIÓN Y ACCESO ELECTRÓNICO |
| Identificador Uniforme del Recurso (URI) |
<a href="https://youtu.be/N6I3-vA-nzU">https://youtu.be/N6I3-vA-nzU</a> |
| Nota pública |
Vídeo de la Jornada |
| 942 ## - ENTRADA DE ELEMENTOS AGREGADOS (KOHA) |
| Fuente de clasificaión o esquema |
|
| Koha [por defecto] tipo de item |
Fullets |